[Event "Romanian Team Rapid Open 2022"]
[Site "Sebes"]
[Date "2022.12.03"]
[Round "8.2"]
[White "Ionescu, Mihai"]
[Black "Parligras, Mircea-Emilian"]
[Result "0-1"]
[WhiteElo "2243"]
[BlackElo "2567"]
[Annotator "TA"]
[PlyCount "100"]
[EventDate "2022.12.03"]
[EventType "rapid"]
[EventCountry "ROU"]
[SourceTitle "playchess.com"]
[Source "ChessBase"]
[SourceQuality "1"]

{[%evp 16,100,6,8,18,35,18,15,44,27,66,44,42,38,40,47,50,41,42,45,81,91,124,108,156,158,158,151,130,63,100,0,0,-14,-3,-26,-26,-26,-31,-32,-26,-24,0,0,0,-7,-8,-49,0,-3,-3,0,0,0,0,-8,-8,-6,0,0,0,0,0,-8,-8,-8,0,0,0,-106,-121,-845,0,0,0,0,0,-238,-305,-1411,-865,-1604,-1293,-5110,-3598,-29981,-29982]} 1. Nf3 d5 2. d4 Nf6 3. c4 e6 4. g3 Bb4+ 5. Bd2 Be7 6. Bg2 O-O 7. O-O c6 8. Qc2 Nbd7 9. Rd1 a5 {E11: Bogo-Indian.} 10. Bf4 h6 11. b3 Nh5 {The position is equal.} 12. Bc1 b5 {[#]} 13. Nbd2 $146 ({Predecessor:} 13. Ne5 Bb7 14. Nc3 Nhf6 15. e4 Rc8 16. exd5 exd5 17. Bf4 Re8 18. Qf5 Bb4 19. Rac1 bxc4 20. bxc4 {1-0 (41) Buhmann,R (2615)-Dizdar,G (2502) Austria 2016}) 13... a4 14. Rb1 Nhf6 15. e4 axb3 16. axb3 bxc4 17. bxc4 dxe4 18. Nxe4 Qa5 {Against Ne5} 19. Bf4 Qa4 ({Black should try} 19... Nxe4 20. Qxe4 Ra6) 20. Nxf6+ Bxf6 21. Qxa4 Rxa4 22. Rbc1 ({Better is} 22. Bd6 $16) 22... Ba6 23. Bf1 (23. Nd2 $1 $16 Bb7 24. Ne4) 23... Nb6 $36 {[%mdl 2048] Black is more active.} 24. Bd6 Ra8 {[%cal Rb6c4]} 25. c5 Nd5 26. Bxa6 R4xa6 27. Rd3 Ra2 28. Rb1 Ra1 29. Rdb3 Rxb1+ 30. Rxb1 g5 31. Be5 Be7 (31... g4 $15 32. Nd2 Ra4) 32. Rb8+ Rxb8 33. Bxb8 {[%mdl 4096] Endgame KBN-KBN} f6 34. Kf1 g4 35. Ne1 Kf7 36. Ke2 Kg6 37. Kd3 Kf5 38. Ng2 e5 39. Ne3+ Nxe3 40. fxe3 exd4 41. exd4 {KB-KB} Ke6 {Strongly threatening ...Kd5.} 42. Kc4 {[#]} (42. Bf4 $11) 42... f5 $1 $17 43. Bf4 $2 {[%mdl 8192]} (43. Bc7 $17) 43... h5 $2 ({Black should play} 43... Bg5 $19 {White must now prevent ...Bxf4.} 44. Be5 Be3) 44. Bd2 Bd8 45. Bf4 {Prevents Bc7.} Be7 46. Bc7 $2 {[#]} (46. Bd2 $11 {and White stays safe.}) 46... Bg5 $1 $19 {Threatens to win with ...Be3.} 47. Be5 $2 (47. d5+ cxd5+ 48. Kb5) 47... Be3 48. Kd3 Bg1 {[%cal Oe6d5]} 49. Kc4 Bxh2 {[%cal Oh5h4] ( -> ...h4!)} 50. Bf4 {Inhibits h4.} h4 {Never resign too early!   Weighted Error Value: White=0.98/Black=0.18 (very precise)} 0-1

[Event "Romanian Team Rapid Open 2022"]
[Site "Sebes"]
[Date "2022.12.03"]
[Round "8.3"]
[White "Gavrilescu, David"]
[Black "Dragomirescu, Calin"]
[Result "1-0"]
[WhiteElo "2523"]
[BlackElo "1971"]
[Annotator "TA"]
[PlyCount "43"]
[EventDate "2022.12.03"]
[EventType "rapid"]
[EventCountry "ROU"]
[SourceTitle "playchess.com"]
[Source "ChessBase"]
[SourceQuality "1"]

{[%evp 16,43,44,20,42,36,98,77,77,-6,52,52,127,45,138,128,120,108,247,262,277,299,481,461,486,429,789,785,729,704]} 1. Nc3 g6 2. e4 Bg7 3. d4 d6 4. f4 Nf6 5. Bd3 Na6 6. Nf3 O-O 7. O-O c5 8. d5 Rb8 9. Qe2 Nc7 {[%cal Ob7b5] B09: Pirc Defence: Austrian Attack.} 10. a4 $1 {Against b5} e6 ({Black should try} 10... Bg4 $14) 11. dxe6 $16 Nxe6 {White is better.} 12. Bc4 {[#]} (12. f5 $16 Nc7 13. Qe1) 12... b6 $146 (12... Nd4 $11 13. Nxd4 cxd4) ({Predecessor:} 12... Nd4 13. Qd3 Nxe4 14. Nxe4 d5 15. Bxd5 Qxd5 16. c3 Bf5 17. Nfd2 c4 18. Qb1 Nb3 19. Re1 Nxa1 20. Qxa1 Rfe8 21. Qb1 Re6 {0-1 (21) Dias,I (2143)-Silva,A (2169) Matosinhos 2015}) 13. Rd1 $14 Qe7 (13... Bb7 $14) 14. Nd5 {White is more active.} (14. e5 $16 Ne8 15. Nd5) 14... Qb7 ({Black should play} 14... Qd8 $1 $14) 15. Nxf6+ Bxf6 16. Rxd6 {f5 is the strong threat.} Bd4+ {[#] A mistake that costs the game.} (16... Qc7 $16) 17. Kh1 $1 $18 Qc7 {Prevents f5.} 18. e5 {[%cal Be4e5,Be5d6][%mdl 32]} Bb7 $2 {Inhibits f5.} (18... Ng7 19. c3 Ne8 20. cxd4 Nxd6) 19. c3 {Hoping for f5. White is clearly winning.} Rbe8 20. Bxe6 Qxd6 (20... Rxe6 $142 21. Rxe6 (21. cxd4 Qxd6 22. Be3 Qe7 $17) (21. Nxd4 cxd4 22. Rxd4 f6 $11) 21... fxe6 22. cxd4 Bxf3 23. Qxf3 cxd4) 21. exd6 Rxe6 22. Ne5 {Weighted Error Value: White=0.23 (precise) /Black=0.67} 1-0

[Event "Romanian Team Rapid Open 2022"]
[Site "Sebes"]
[Date "2022.12.03"]
[Round "8.4"]
[White "Santimbrean, Mihnea-Nicolae"]
[Black "Georgescu, Tiberiu-Marian"]
[Result "0-1"]
[WhiteElo "1491"]
[BlackElo "2479"]
[Annotator "TA"]
[PlyCount "122"]
[EventDate "2022.12.03"]
[EventType "rapid"]
[EventCountry "ROU"]
[SourceTitle "playchess.com"]
[Source "ChessBase"]
[SourceQuality "1"]

{[%evp 14,122,12,4,0,0,0,0,9,0,9,0,0,0,0,0,0,-11,-13,-191,-158,-168,-168,-173,-162,-201,-194,-205,-142,-174,-174,-245,-233,-285,-165,-162,-148,-137,-115,-118,-116,-120,-103,-189,-179,-234,-237,-226,-225,-237,-231,-231,-185,-250,-117,-117,-117,-117,-117,-117,-79,-79,-79,-117,-102,-102,-79,-79,-79,-79,-79,-95,-8,-708,-727,-728,-728,-728,-728,-728,-718,-718,-696,-667,-584,-580,-556,-2474,-2474,-2434,-2404,-2269,-2208,-2167,-2004,-29973,-29974,-29977,-29978,-29978,-29979,-29979,-29979,-29979,-29980,-29980,-29980,-29982,-29980,-29978,-29963]} 1. e4 e5 2. Nf3 Nc6 3. Bc4 Bc5 4. c3 Nf6 5. d3 d6 6. h3 h6 7. O-O {7.Nbd2 injects fresh life into this line.} O-O 8. Nbd2 a5 {C54: Giuoco Piano: 4 c3 Nf6, main lines with 5 d4 and 5 d3.} 9. a4 Be6 10. Bxe6 fxe6 {The position is equal.} 11. Re1 Ba7 12. Nf1 Nh5 13. Be3 Nf4 14. Bxa7 Rxa7 {[#]} 15. Ng3 $146 ({Predecessor:} 15. Kh2 Qf6 16. Re3 d5 17. Ng3 Ra6 18. Ne1 Ne7 19. d4 Neg6 20. Nf3 exd4 21. Qxd4 {0-1 (86) Mamyrbay,A (2298)-Abdusattorov,N (2453) Tashkent 2017}) 15... Qf6 {[%cal Of4h3]} 16. Qd2 $2 {[#]} (16. Re3 $11 {and White stays safe.}) 16... Nxh3+ $1 {[%mdl 512]} 17. gxh3 {Re3 is the strong threat.} (17. Kh1 Nf4) 17... Qxf3 18. Re3 Qf4 19. Kg2 Raa8 20. Qe2 Qg5 21. Rg1 Rf7 22. Qh5 (22. Rf3 $142) 22... Raf8 $19 23. Rf1 {[#]} Qf4 (23... Rxf2+ $142 $3 {[%mdl 512]} 24. Rxf2 Qxe3 25. Rxf8+ Kxf8) 24. Qg4 Qxg4 25. hxg4 d5 {Black is more active.} 26. exd5 exd5 27. Nf5 Rf6 {[%cal Oh6h5]} 28. b4 (28. f4 $17) 28... d4 29. cxd4 (29. Re4 $142) 29... exd4 (29... Nxb4 30. dxe5 Re6 31. f4 $11) (29... Nxd4 30. bxa5 Nxf5 31. gxf5 $15) 30. Re4 axb4 ({Inferior is} 30... Nxb4 31. Rxd4 h5 32. Rd7 $17) 31. Nxd4 Nxd4 32. Rxd4 {[%mdl 4096] Endgame KRR-KRR} c5 33. Rc4 (33. Rd5 {is a better defense.}) 33... Rf4 (33... b6 $19 {is more deadly. White must now prevent ...Rf3.} 34. f4 Re6) 34. Rxc5 $17 Rxg4+ 35. Kh3 Rd4 36. Rb5 Rf3+ 37. Kg2 Rfxd3 38. Rxb7 Rg4+ 39. Kh2 Rd5 {[%cal Rd5h5]} 40. Kh3 Rf4 41. Kg3 Rdf5 42. a5 h5 (42... Rf3+ $17 43. Kg2 Ra3) 43. Rh1 $2 {[%mdl 8192] Black keeps a firm grip on the game.} (43. a6 $11) 43... Rg4+ $19 ({Weaker is} 43... Rxf2 44. Rxh5 R2f3+ 45. Kg2 $11) 44. Kh3 Rf3+ (44... Rxf2 $2 {perishes.} 45. Rb1 $19) 45. Kh2 Rxf2+ 46. Kh3 Rf3+ 47. Kh2 Ra3 {aiming for ...Rh4+.} 48. Rb1 Ra2+ 49. Kh1 Rxa5 50. R7xb4 Rxb4 51. Rxb4 {KR-KR} Kh7 52. Kh2 Kh6 {Strongly threatening ...Ra6.} 53. Kg3 Ra3+ 54. Kf4 g5+ {Black mates.} 55. Kf5 Rf3+ 56. Ke5 h4 57. Rb8 Kh5 58. Ke4 Rf4+ 59. Ke3 Kg4 60. Rg8 Rf3+ 61. Ke2 Rf5 {Weighted Error Value: White=0.51/Black=0.21 (precise)} 0-1

[Event "Romanian Team Rapid Open 2022"]
[Site "Sebes"]
[Date "2022.12.03"]
[Round "8.5"]
[White "Ardelean, George-Catalin"]
[Black "Miron, Lucian-Costin"]
[Result "1-0"]
[WhiteElo "2473"]
[BlackElo "2510"]
[Annotator "TA"]
[PlyCount "71"]
[EventDate "2022.12.03"]
[EventType "rapid"]
[EventCountry "ROU"]
[SourceTitle "playchess.com"]
[Source "ChessBase"]
[SourceQuality "1"]

{[%evp 11,71,0,0,0,0,0,0,0,9,0,6,-16,-13,-6,2,-18,12,0,0,0,0,0,0,-8,15,21,12,23,435,443,437,445,471,420,493,477,556,547,684,672,756,569,635,625,598,566,560,547,548,554,542,538,532,514,748,744,1200,1179,29992,29993,29997,29997]} 1. d4 Nf6 2. Nf3 e6 3. Bf4 d5 4. e3 c5 5. c3 Nc6 6. Nbd2 Nh5 7. Bg5 {D02: 1 d4 d5 2 Nf3 sidelines, including 2...Nf6 3 g3 and 2...Nf6 3 Bf4.} f6 8. Bh4 {[%cal Of3e5]} g6 9. Bd3 {The position is equal. 9.Bd3 scores better than 9.Be2.} Be7 10. O-O O-O 11. Re1 {[#]} Kh8 $146 ({Predecessor:} 11... cxd4 12. cxd4 Bd7 13. a3 Rc8 14. b4 Be8 15. Rc1 Bf7 16. Nb3 b6 17. Qe2 Nb8 18. Rxc8 Qxc8 {0-1 (58) Tabatabaei,M (2664)-Demchenko,A (2653) Chess.com INT 2022}) 12. dxc5 e5 13. e4 (13. c4 {with more complications.} g5 14. cxd5 Qxd5 15. Be4) 13... Nf4 (13... Bxc5 {looks sharper.} 14. a4 Bb6 15. exd5 Qxd5 16. Nc4 g5) 14. Nb3 Nxd3 15. Qxd3 dxe4 16. Qxe4 Bf5 17. Qe3 Qc7 (17... Qd5 {keeps more tension.} 18. Rad1 Qc4 19. h3 Rad8) 18. Bg3 {[%cal Of3d4]} a5 19. Nh4 Be6 $2 {[%mdl 8192] [#] Loses the game.} (19... a4 $11 {and Black is okay.}) 20. Nxg6+ $1 $18 {[%mdl 512]} Kg8 21. Nxf8 Rxf8 {[#]} 22. Nd4 $1 Bd7 (22... Bf7 23. Nb5) 23. Nb5 Qb8 24. f4 Re8 25. Rad1 Bg4 26. Rc1 e4 27. f5 {Prevents f5.} (27. Qxe4 $2 {too greedy.} Bxc5+ 28. Kh1 Rxe4 29. Rxe4 f5 $19) 27... Qc8 28. Bd6 (28. Qxe4 $2 {perishes.} Bxc5+ 29. Kh1 Rxe4 30. Rxe4 Bxf5 $19) 28... Bxf5 29. Bxe7 Rxe7 30. Nd6 Qe6 31. Rf1 {[%cal Be1f1,Bf1f4,Bf4f6,Bf6g6][%mdl 32]} Bg6 32. Rf4 {Against b6. And now Rcf1 would win.} Kg7 33. Rcf1 Qxa2 34. Rxf6 {Intending Qf4 and mate.} Qxb2 35. Qg5 Re5 {[#]} 36. Rxg6+ $1 {[%mdl 512] Weighted Error Value: White=0.18 (very precise) /Black=0.47} 1-0

[Event "Romanian Team Rapid Open 2022"]
[Site "Sebes"]
[Date "2022.12.03"]
[Round "8.7"]
[White "Grecescu, Gabriel-Andrei"]
[Black "Secheres, Adrian-Simion"]
[Result "1-0"]
[WhiteElo "2388"]
[BlackElo "2365"]
[Annotator "TA"]
[PlyCount "73"]
[EventDate "2022.12.03"]
[EventType "rapid"]
[EventCountry "ROU"]
[SourceTitle "playchess.com"]
[Source "ChessBase"]
[SourceQuality "1"]

{[%evp 17,73,18,23,18,20,0,0,-3,0,0,0,-2,0,-18,0,-10,-13,-12,0,3,40,35,38,37,37,32,33,33,37,35,35,37,104,78,152,149,116,41,214,211,239,222,325,314,356,337,458,369,442,434,501,501,1100,0,335,183,2051,1986]} 1. c4 Nf6 2. g3 g6 3. Bg2 Bg7 4. Nc3 O-O 5. e4 d6 6. Nge2 e5 7. O-O Nc6 8. d3 a6 {8...Nd7 is the modern continuation.} 9. h3 Rb8 10. Be3 {A26: English Opening vs King's Indian with ...Nc6 and d3.} b5 11. b3 Nd7 {[#]} 12. Rc1 $146 {The position is equal.} ({Predecessor:} 12. cxb5 axb5 13. d4 b4 14. Nd5 Ba6 15. Rc1 Bxe2 16. Qxe2 Nxd4 17. Bxd4 exd4 18. Rxc7 {½-½ (99) Bersamina,P (2318)-Nguyen,A (2191) Taipa 2014}) 12... Nd4 13. f4 b4 14. Na4 Nc5 15. Nxc5 dxc5 16. Nxd4 (16. f5 $5) 16... cxd4 17. Bd2 c5 18. f5 Rb6 19. h4 Re8 20. a3 a5 $1 (20... bxa3 21. Ba5 $16) 21. axb4 axb4 22. Ra1 Bb7 23. Qf3 {Hoping for fxg6.} h6 24. Ra7 (24. Ra4 {simplifies} Qc7 25. Bh3 Ra8 26. Rxa8+ Bxa8 27. fxg6 fxg6 28. h5) 24... Qb8 {[#]} (24... Qe7 $14) 25. fxg6 $1 $16 fxg6 26. Qf7+ Kh7 {[#] aiming for ...Rf8.} 27. Ra5 $40 {[%mdl 128] White has some attack. White has more active pieces.} (27. Rfa1 $6 Rc8 $11) (27. h5 $1 $16 {[%cal Rh5g6] And now hxg6+ would win.} Qxa7 28. Qxe8) 27... Rf8 $2 (27... Rc8 $14) 28. Qe7 $18 Rxf1+ 29. Bxf1 Qf8 (29... h5 $142 30. Qxc5 (30. Rxc5 Bc6 $18) 30... Bc6) 30. Qxc5 Qf6 31. Bg2 (31. Bxb4 Rc6 32. Qd5 Qf3 $11) 31... Qe6 32. Qc7 (32. Bxb4 g5 33. hxg5 hxg5 $18) 32... Qc6 33. Qe7 Bc8 34. Ra7 {[%csl Ga7][%cal Re7g7]} Bb7 (34... Rb7 $142) 35. Ra5 $2 (35. c5 Qf6 36. Rxb7 Qxe7 37. Rxe7) 35... Bc8 $1 36. Rc5 ({Not} 36. Bxb4 Rb7 37. Qc5 (37. Rc5 Qd7 $16) 37... Qxc5 38. Bxc5 Rxb3 $18) (36. Rxe5 $142 {Threatens to win with Ra5.} Bg4 37. Rc5 (37. Bxb4 Rxb4 38. Qxb4 Bxe5 $17)) 36... Qb7 $2 (36... Qd7 37. Rxe5 Ra6) 37. Rc7 {Weighted Error Value: White=0.41/Black=0.35} 1-0

[Event "Romanian Team Rapid Open 2022"]
[Site "Sebes"]
[Date "2022.12.03"]
[Round "8.8"]
[White "Nastore, Pavel-Alexandru"]
[Black "Cnejev, Vladimir-Alexandru"]
[Result "1/2-1/2"]
[WhiteElo "2218"]
[BlackElo "2293"]
[Annotator "TA"]
[PlyCount "83"]
[EventDate "2022.12.03"]
[EventType "rapid"]
[EventCountry "ROU"]
[SourceTitle "playchess.com"]
[Source "ChessBase"]
[SourceQuality "1"]

{[%evp 12,83,18,26,34,0,0,0,7,0,4,-7,5,5,2,0,-10,-2,0,0,1,0,1,0,12,0,14,0,10,0,-3,-4,0,-9,-8,-13,-13,-13,-13,-19,-9,-12,0,-24,-25,-30,-16,-31,0,0,4,4,6,5,12,0,2,3,5,0,7,7,7,7,7,0,0,0,0,0,0,0,0,0]} 1. e4 e5 2. Nf3 Nc6 3. Bb5 Nf6 4. O-O {[%cal Bh1f1,Bf1e1,Be1e5][%mdl 32]} Nxe4 5. Re1 Nd6 6. Nxe5 Be7 7. Bf1 Nf5 {[#] Prevents d4. C67: Ruy Lopez: Berlin Defence: 4 0-0 Nxe4.} 8. d3 $146 ({Predecessor:} 8. Nf3 d5 9. d4 O-O 10. Nc3 Nh4 11. Nxh4 Bxh4 12. Ne2 Bg4 13. h3 Bh5 14. c3 Re8 15. g3 {0-1 (48) Deac,B (2700)-Xiong,J (2692) Chess.com INT 2022}) 8... Nxe5 9. Rxe5 d6 10. Re1 O-O 11. g3 d5 12. c3 c6 13. Bg2 Bd6 14. Nd2 Qc7 15. Nf3 Bd7 16. Bd2 Rfe8 17. Qc2 Rad8 18. Rad1 b6 19. Rxe8+ Rxe8 20. Re1 Rxe1+ 21. Bxe1 Qd8 22. Qe2 Qe7 23. Qxe7 Nxe7 24. Kf1 f6 25. Ke2 Kf7 26. Bd2 c5 27. c4 Be6 28. b3 h5 29. Bc3 dxc4 30. dxc4 {The position is equal.} Ng6 31. Nd2 Be5 32. Ne4 Ke7 33. Bd2 Nf8 34. Nc3 h4 35. Nd5+ Bxd5 36. Bxd5 hxg3 37. hxg3 Ne6 38. Bxe6 Kxe6 $11 {KB-KB} 39. Kf3 Bd4 40. Bf4 Be5 41. Be3 f5 42. g4 {A rather calm draw.   Weighted Error Value: White=0.06 (flawless) /Black=0.04 (flawless)} 1/2-1/2

[Event "Romanian Team Rapid Open 2022"]
[Site "Sebes"]
[Date "2022.12.03"]
[Round "8.9"]
[White "Soltanici, Ruslan"]
[Black "David, Alexandru-Vasile"]
[Result "0-1"]
[WhiteElo "2357"]
[BlackElo "2404"]
[Annotator "TA"]
[PlyCount "128"]
[EventDate "2022.12.03"]
[EventType "rapid"]
[EventCountry "ROU"]
[SourceTitle "playchess.com"]
[Source "ChessBase"]
[SourceQuality "1"]

{[%evp 10,128,49,39,33,43,65,44,47,40,49,33,39,43,44,42,42,21,29,25,45,17,53,3,4,7,18,-12,-9,-17,-22,-43,-29,-36,-38,-43,-24,-26,-23,-43,-27,-34,-21,-21,-12,-9,42,-31,0,-23,-23,-23,-23,-23,-23,-39,-39,-39,-29,-25,-10,-23,-23,-31,-31,-75,-38,-99,-95,-112,-133,-133,-132,-133,-134,-122,-129,-118,-119,-122,-77,-71,-73,-114,-93,-257,-257,-248,-241,-241,-233,-681,-667,-1295,-1260,-1479,-1118,-1609,-1523,-5185,-4539,-3624,-1684,-5724,-10321,-29952,-29953,-29974,-29976,-29977,-29978,-29978,-29972,-29965,-29966,-29961,-29963,-29975,-29974,-6613,-1013]} 1. e4 c5 2. Nf3 d6 3. d4 cxd4 4. Nxd4 Nf6 5. Nc3 g6 6. Be3 Nc6 {B72: Sicilian Dragon: 6 Be3, lines with h3+Bc4 and sidelines.} 7. f3 {Inhibits Ng4.} h5 8. Qd2 Nxd4 {White is slightly better.} 9. Bxd4 Bh6 $1 10. Qf2 Qa5 11. Bb5+ Kf8 $1 {[#]} ({Weaker is} 11... Bd7 12. Bxd7+ Kxd7 13. Rd1 $16) 12. Bc4 $146 ({Predecessor:} 12. O-O e5 13. Be3 Bxe3 14. Qxe3 Be6 15. Rad1 Rc8 16. Rxd6 Rxc3 17. Qxc3 Qxb5 18. a4 {1-0 (44) Vega Gutierrez,S (2368)-Espinosa Aranda,A (2500) Los Cancajos 2020}) 12... Be6 13. Bd3 h4 14. O-O (14. Qxh4 $2 {[#] perishes.} Bd2+ $1 {[%mdl 512]} 15. Kxd2 Rxh4 $19) 14... Bg7 15. h3 Nd7 {[%cal Bf6d7,Bd7c5,Bc5e6,Be6g5][%mdl 32]} (15... Nh5 {is more complex.} 16. f4 Bxd4 17. Qxd4 Qc5) 16. f4 (16. Ne2 $14) 16... Bxd4 $1 $11 17. Qxd4 {[%cal Rd4h8] [#]} f6 18. Nd5 Qc5 {Against b4} 19. Qxc5 Nxc5 20. Nc7 Rc8 {[%cal Ba8c8,Bc8c5,Bc5e5][%mdl 32]} 21. Nxe6+ Nxe6 22. c3 Rc5 23. f5 Ng5 24. Rae1 Re5 25. Rf4 Kg7 26. Kf2 Nf7 (26... Rc5 {keeps more tension.} 27. fxg6 Ne6 28. Rf5 b6) 27. fxg6 Kxg6 ({Black should play} 27... Nd8 $11) 28. Bc4 (28. Rg4+ $14 Kh5 29. Bc4) 28... Ng5 29. Bd5 e6 30. Bb3 Kf7 31. Re3 Ke7 32. Re1 Nf7 33. Rg4 Rg5 34. Rxg5 Nxg5 {[%mdl 4096] Endgame KRB-KRN} 35. Ke3 Nf7 36. Bd1 Rg8 37. Bf3 Rg3 38. Rd1 ({White should try} 38. Kf2 $1 $15) 38... Ne5 39. Kf2 Nxf3 {Black is more active.} 40. gxf3 Rxh3 $17 {KR-KR} 41. Kg2 {Against Rh2+} Rg3+ 42. Kf2 Rg7 43. Rh1 Rh7 44. Kg2 f5 45. exf5 exf5 46. Re1+ Kf6 47. Re8 $2 {Now White is beyond hope.} (47. Rd1 $17) 47... h3+ $19 48. Kh2 Kg5 49. Re6 Kf4 50. Rxd6 $2 (50. Rf6) 50... Kxf3 51. c4 f4 {Strongly threatening ...Re7.} 52. c5 a5 {[%cal Ba7a5,Ba5a4,Ba4a3][%mdl 32] White must now prevent ...Re7.} 53. c6 bxc6 {And now ...Re7 would win.} 54. Rxc6 Ke2 55. Re6+ Kf2 56. Re5 a4 57. Re4 f3 58. b4 a3 59. b5 Rb7 60. Re5 Rb6 61. Rc5 Ke2 62. Re5+ Kd3 63. Rd5+ Ke4 64. Rd8 Ke3 {Weighted Error Value: White=0.70/Black=0.14 (very precise)} (64... f2 $142 65. Rf8 Rxb5) 0-1

[Event "Romanian Team Rapid Open 2022"]
[Site "Sebes"]
[Date "2022.12.03"]
[Round "8.10"]
[White "Ghimpu, Samuel-Timotei"]
[Black "Cosma, Ioan"]
[Result "1/2-1/2"]
[WhiteElo "2455"]
[BlackElo "2368"]
[Annotator "TA"]
[PlyCount "42"]
[EventDate "2022.12.03"]
[EventType "rapid"]
[EventCountry "ROU"]
[SourceTitle "playchess.com"]
[Source "ChessBase"]
[SourceQuality "1"]

{[%evp 17,42,11,10,4,8,0,0,0,0,0,0,0,0,0,0,0,28,0,0,0,0,0,0,0,0,0,-2]} 1. e4 e5 2. Nf3 Nf6 3. d4 Nxe4 4. Bd3 d5 5. Nxe5 Nd7 6. Nxd7 Bxd7 7. O-O Bd6 8. Nc3 Nxc3 9. bxc3 O-O 10. Qh5 {[%csl Gd3,LRd5,LRh7][%cal Rh5h7] [#] Inhibits Qh4. C43: Petroff Defence: 3 d4.} f5 $1 11. Re1 c6 12. Bg5 Qc7 13. Re3 {Black must now prevent Rh3. now supersedes 13.c4.} g6 14. Qh4 Rae8 {[#]} 15. c4 $146 {[#] Threatens to win with c5.} ({Predecessor:} 15. Rae1 Rxe3 16. Rxe3 Re8 17. c4 Rxe3 18. fxe3 b6 19. Be7 Be8 20. Bf6 dxc4 21. Bxc4+ {½-½ (38) Sevian,S (2684)-Abdusattorov,N (2688) Chess.com INT 2022}) 15... Rxe3 16. fxe3 {Strongly threatening c5.} Qa5 17. cxd5 cxd5 {The position is equal.} 18. Be7 Bxe7 19. Qxe7 Bc6 20. h4 Re8 21. Qg5 Qd2 {A balanced but interesting game.   Weighted Error Value: White=0.03 (flawless) /Black=0.03 (flawless)} 1/2-1/2

[Event "Romanian Team Rapid Open 2022"]
[Site "Sebes"]
[Date "2022.12.03"]
[Round "8.11"]
[White "Itkis, Boris"]
[Black "Anton, Teodor"]
[Result "1/2-1/2"]
[WhiteElo "2343"]
[BlackElo "2438"]
[Annotator "TA"]
[PlyCount "92"]
[EventDate "2022.12.03"]
[EventType "rapid"]
[EventCountry "ROU"]
[SourceTitle "playchess.com"]
[Source "ChessBase"]
[SourceQuality "1"]

{[%evp 20,92,54,46,54,57,59,24,35,32,18,16,27,19,42,42,38,45,45,41,40,40,36,40,38,38,49,14,26,21,23,23,26,22,26,0,14,0,0,0,0,0,0,0,0,-36,0,0,0,0,0,0,0,0,0,0,0,0,0,0,0,0,6,6,8,0,12,0,0,0,0,0,0,0,0]} 1. d4 Nf6 2. c4 e6 3. Nf3 Bb4+ 4. Bd2 c5 5. Bxb4 cxb4 6. e3 O-O 7. a3 bxa3 8. Rxa3 d6 9. Nc3 Nc6 10. Be2 e5 11. O-O Bg4 {E11: Bogo-Indian.} 12. h3 Bh5 13. Nd5 {[%cal Of3e5]} Re8 {[#] White has an edge.} 14. Nxf6+ $146 ({Predecessor:} 14. Nc3 a6 15. Qd2 Rc8 16. Rd1 h6 17. b3 Qb6 18. d5 Nb8 19. Na4 Qc7 20. Raa1 Nbd7 21. Rdc1 {½-½ (21) Akobian,V (2628)-Nisipeanu,L (2681) Wijk aan Zee 2010}) 14... Qxf6 15. Qd2 a6 16. Rd1 (16. d5 $5 {[%cal Rd5c6]} e4 17. Nd4 Bxe2 18. Nxe2 $14) 16... Rac8 17. d5 Nb8 18. e4 h6 19. Ne1 Bxe2 20. Qxe2 Nd7 21. b4 Rc7 22. Rc1 Rec8 23. Rac3 b5 24. Qd3 Qf4 {[%cal Of7f5]} (24... Rxc4 {simplifies} 25. Rxc4 bxc4 26. Rxc4 Qd8) 25. g3 {Prevents f5.} bxc4 26. Qe2 ({But not} 26. gxf4 cxd3 27. Rxc7 Rxc7 28. Nxd3 (28. Rxc7 $2 {too greedy.} d2 $19) 28... Rxc1+ 29. Nxc1 exf4 $15) 26... Qg5 27. h4 {Against f5} Qd8 (27... Qg6 $5 {[%cal Rd7f6]}) 28. Rxc4 a5 29. bxa5 {[#] And now Rxc7 would win.} Rxc4 30. Rxc4 Rxc4 31. Qxc4 {Hoping for Qa2.} Qxa5 $11 {[%mdl 4096] Endgame KQN-KQN} 32. Nd3 Kf8 33. Kg2 {The position is equal.} Ke7 34. Nb4 {[#] Threatening mate with Nc6+.} Qb6 35. Nc6+ Kf8 36. Qa4 g6 37. Qa8+ Kg7 {White must now prevent ...Qb1.} 38. Qa7 Qxa7 39. Nxa7 {KN-KN} Nc5 40. f3 {[%cal Bf2f3,Bf3f4][%mdl 32]} Kf8 41. Nc8 Nb7 42. Kf2 Ke8 43. f4 f6 44. Ke3 Kd7 45. Nb6+ Ke7 46. Nc4 Nc5 {Weighted Error Value: White=0.06 (flawless) /Black=0.04 (flawless)} 1/2-1/2